000 00362nam a22001577a 4500
003 NUST - PNEC
005 20170116181006.0
008 150912b xxu||||| |||| 00| 0 eng d
020 _a-
040 _cLIBRARY
082 _a005.133 MIC
245 _aMicrosoft C compiler: Version 4.0
_c-
260 _c-
650 _99797
_aC Compiler
_xMIS
942 _2ddc
_cBK
999 _c66876
_d66876